Evaluación y rediseño de un circuito de alimentación fotovoltaica para colaborar con el proyecto Manatial Atmosférico
Збережено в:
| Автор: | |
|---|---|
| Інші автори: | |
| Формат: | Книга |
| Мова: | Spanish |
| Опубліковано: |
[San José], Costa Rica
2015
|
| Предмети: | |
| Теги: |
Додати тег
Немає тегів, Будьте першим, хто поставить тег для цього запису!
|
MARC
| LEADER | 00000nam a22000007a 4500 | ||
|---|---|---|---|
| 003 | 012445 | ||
| 005 | 20230907144007.0 | ||
| 008 | 160810b2015 cr a|||| |||| 00| ||spa d | ||
| 040 | |c cru CEDI | ||
| 090 | |a TFG 7603 | ||
| 100 | |9 1436 |a Vargas Muñoz, David | ||
| 245 | |a Evaluación y rediseño de un circuito de alimentación fotovoltaica para colaborar con el proyecto Manatial Atmosférico | ||
| 260 | |a [San José], Costa Rica |c 2015 | ||
| 300 | |a xi, 39 hojas; ilustraciones | ||
| 500 | |a Proyecto de graduación (bachillerato en ingeniería eléctrica)--Universidad de Costa Rica. Facultad de Ingeniería. Escuela de Ingeniería Eléctrica | ||
| 501 | |a Profesor Guía de IE-0499 Proyecto Eléctrico: Ing. Lic. Osvaldo Fernández Cascante | ||
| 650 | |x CIRCUITOS ELECTRICOS - EVALUACION |x TERMOELECTRICIDAD |x CELDAS FOTOVOLTAICAS |x CIRCUITOS ELECTRICOS - DISEÑO |x SISTEMAS DE ENERGIA FOTOVOLTAICA |9 4282 | ||
| 700 | |9 1148 |a Fernández Cascante, Osvaldo, 1987- |d Director de Proyecto Eléctrico | ||
| 942 | |c CEDI | ||
| 999 | |c 17026 |d 17026 | ||
